| 000 | 00682nam a22002175a 4500 | ||
|---|---|---|---|
| 008 | 090607s2007 ii ||||fr|||| 001 0 eng d | ||
| 040 |
_aEG-ScBuE _beng _cEG-ScBuE |
||
| 082 | 0 | 4 |
_a621.042 _bGUP _222 |
| 100 | 1 |
_aGupta, J. B. _95867 |
|
| 245 | 1 | 0 |
_aEnergy conversion : _bfor Engineering Students / _cJ. B. Gupta. |
| 250 | _a2nd ed. | ||
| 260 |
_aNew Delhi : _bS. K. Kataria & Sons, _cc.2007. |
||
| 300 |
_axii,452 p. : _bill. ; _c24 cm. |
||
| 500 | _aIndex : p. 449-452. | ||
| 590 | _ayassmeen ashraf | ||
| 651 | _2BUEsh | ||
| 653 |
_bENGGEN _cAugust2015 |
||
| 650 | 0 |
_95869 _aPower resources _2BUEsh |
|
| 650 | 0 |
_95868 _aEnergy conversion _2BUEsh |
|
| 942 |
_cBB _k _2ddc |
||
| 999 |
_c8503 _d8503 |
||